International Trade and Export Management / (Record no. 2653)

000 -LEADER
fixed length control field 00673nam a2200241Ia 4500
007 - PHYSICAL DESCRIPTION FIXED FIELD--GENERAL INFORMATION
fixed length control field ta
008 - FIXED-LENGTH DATA ELEMENTS--GENERAL INFORMATION
fixed length control field 230116r20222019ii ad||gd|||||||| ||eng||
020 ## - INTERNATIONAL STANDARD BOOK NUMBER
International Standard Book Number 9789353674779
Terms of availability Rs. 640.00
040 ## - CATALOGING SOURCE
Original cataloging agency IMU Kochi Library
Language of cataloging eng
041 0# - LANGUAGE CODE
Language code of text/sound track or separate title eng
044 ## - COUNTRY OF PUBLISHING/PRODUCING ENTITY CODE
MARC country code India
082 04 - DEWEY DECIMAL CLASSIFICATION NUMBER
Classification number 382
Item number C4246
Edition number 23
100 1# - MAIN ENTRY--PERSONAL NAME
Personal name Cherunilam, Francis
245 10 - TITLE STATEMENT
Title International Trade and Export Management /
250 ## - EDITION STATEMENT
Edition statement 21st rev. ed.
260 ## - PUBLICATION, DISTRIBUTION, ETC. (IMPRINT)
Place of publication, distribution, etc Mumbai :
Name of publisher, distributor, etc Himayala Publishing House,
Date of publication, distribution, etc 2019, reprinted 2022
300 ## - PHYSICAL DESCRIPTION
Extent 512 p.
Other physical details :
Dimensions ; 24.5 cm.
650 #0 - SUBJECT ADDED ENTRY--TOPICAL TERM
Topical term or geographic name as entry element International trade
Form subdivision Textbooks
650 #0 - SUBJECT ADDED ENTRY--TOPICAL TERM
Topical term or geographic name as entry element Export marketing
Form subdivision Textbooks
852 ## - LOCATION/CALL NUMBER
Location IMU Kochi Library
904 ## - LOCAL DATA ELEMENT D, LDD (RLIN)
CATALOGER Akhil Bose
942 ## - ADDED ENTRY ELEMENTS (KOHA)
Item type Books
Holdings
Withdrawn status Lost status Source of classification or shelving scheme Damaged status Not for loan Collection code Permanent location Current location Shelving location Date acquired Source of acquisition Cost, normal purchase price Total Checkouts Total Renewals Full call number Barcode Date last seen Date last borrowed Koha item type Public note
          Management Studies IMU Kochi Library IMU Kochi Library General Stacks 2023-01-16 M/S Educational Supplies (52511 Dt. 2023-01-04) 640.00 4 2 382 C4246 BK005855 2025-05-30 2025-05-19 Books  
          Management Studies IMU Kochi Library IMU Kochi Library General Stacks 2023-02-22 M/S T V Enterprises (Inv. No. 598/22-23 Dt. 2023-01-16) 640.00 6 3 382 C4246 BK006023 2025-05-30 2025-05-29 Books Gen. Shelf-6, Row-5


Copyright © All Rights Reserved by Indian Maritime University, Kochi Campus.
For any Suggestions/Query Contact to library or Email: library.kochi@imu.ac.in Ph:(0484)-2989402
(Web OPAC Designed by Rudra Ranjan. Maintained by IMU Kochi Library)

Powered by Koha